000 00462nam a2200181Ia 4500
003 LK-CoDNM
005 20230916144732.0
008 010623t1903 xxu||||| |||| 00| 1 eng d
040 _aLK-CoDNM
_dLK-CoDNM
_eLK-CoDNM
041 _aeng
080 _a12E6
100 _aBradley,Henry.
245 _aA new English Dictionary on Historical Principles
260 _bOxford
_aLondon
_c1903
300 _bIV,528p.,32 cm
700 _aMurray,James.A.H.
942 _cBK
999 _c85561
_d85561